รายละเอียดในรูปแบบ MARC
| 000 -LEADER |
| fixed length control field |
02115nam a22003377a 4500 |
| 005 - DATE AND TIME OF LATEST TRANSACTION |
| control field |
20251125232851.0 |
| 008 - FIXED-LENGTH DATA ELEMENTS--GENERAL INFORMATION |
| fixed length control field |
s2532 th tha d |
| 040 ## - CATALOGING SOURCE |
| Original cataloging agency |
NALT |
| 041 ## - LANGUAGE CODE |
| Language code of text/sound track or separate title |
tha |
| 090 ## - LOCALLY ASSIGNED LC-TYPE CALL NUMBER (OCLC); LOCAL CALL NUMBER (RLIN) |
| Classification number (OCLC) (R) ; Classification number, CALL (RLIN) (NR) |
KG114 ม234ร 2532 |
| 245 10 - TITLE STATEMENT |
| Title |
รวมกฎหมาย ระเบียบ ข้อบังคับ เกี่ยวกับการสอบสวนคดีอาญาของพนักงานสอบสวนฝ่ายปกครอง |
| 260 3# - PUBLICATION, DISTRIBUTION, ETC. |
| Place of publication, distribution, etc. |
กรุงเทพฯ : |
| Name of publisher, distributor, etc. |
กองการสอบสวนและนิติกร กรมการปกครอง, |
| Date of publication, distribution, etc. |
2532 |
| 300 ## - PHYSICAL DESCRIPTION |
| Extent |
429 หน้า : |
| Other physical details |
ตาราง ; |
| Dimensions |
26 ซม. |
| 650 04 - SUBJECT ADDED ENTRY--TOPICAL TERM |
| Topical term or geographic name entry element |
การดำเนินคดีอาญา -- 2523 -- แก้ไขเพิ่มเติม (ฉบับที่ 2) -- 2523 |
| 650 04 - SUBJECT ADDED ENTRY--TOPICAL TERM |
| Topical term or geographic name entry element |
การสอบสวนคดีละเมิด -- เทศบัญญัติ -- จังหวัด -- 2522 |
| 650 04 - SUBJECT ADDED ENTRY--TOPICAL TERM |
| Topical term or geographic name entry element |
การสอบสวนคดีอาญา |
| 650 04 - SUBJECT ADDED ENTRY--TOPICAL TERM |
| Topical term or geographic name entry element |
การสอบสวนคดีอาญา -- รวมเรื่อง |
| 650 04 - SUBJECT ADDED ENTRY--TOPICAL TERM |
| Topical term or geographic name entry element |
การสอบสวนคดีอาญา -- เมืองพัทยา (ข้อบัญญัติ) -- 2522 |
| 650 04 - SUBJECT ADDED ENTRY--TOPICAL TERM |
| Topical term or geographic name entry element |
ทะเบียนราษฎร (พ.ร.บ.) -- 2499 |
| 650 04 - SUBJECT ADDED ENTRY--TOPICAL TERM |
| Topical term or geographic name entry element |
น้ำมันเชื้อเพลิง (พ.ร.บ.) -- 2474 |
| 650 04 - SUBJECT ADDED ENTRY--TOPICAL TERM |
| Topical term or geographic name entry element |
บัตรประชาชน (พ.ร.บ.) -- 2526 |
| 650 04 - SUBJECT ADDED ENTRY--TOPICAL TERM |
| Topical term or geographic name entry element |
ประถมศึกษา (พ.ร.บ.) -- 2523 |
| 650 04 - SUBJECT ADDED ENTRY--TOPICAL TERM |
| Topical term or geographic name entry element |
ภาษีบำรุงท้องที่ (พ.ร.บ.) 2508 |
| 650 04 - SUBJECT ADDED ENTRY--TOPICAL TERM |
| Topical term or geographic name entry element |
ภาษีป้าย (พ.ร.บ.) -- 2510 |
| 650 04 - SUBJECT ADDED ENTRY--TOPICAL TERM |
| Topical term or geographic name entry element |
ภาษีโรงเรือนและที่ดิน (พ.ร.บ.) -- 2475 |
| 650 04 - SUBJECT ADDED ENTRY--TOPICAL TERM |
| Topical term or geographic name entry element |
สุสานและฌาปนสถาน (พ.ร.บ.) -- 2528 |
| 850 ## - HOLDING INSTITUTION |
| Holding institution |
NALT |
| 856 40 - ELECTRONIC LOCATION AND ACCESS |
| Uniform Resource Identifier |
<a href="https://hdl.handle.net/20.500.14156/465371">https://hdl.handle.net/20.500.14156/465371</a> |
| 942 ## - ADDED ENTRY ELEMENTS (KOHA) |
| Koha item type |
Law Book |
| Source of classification or shelving scheme |
Library of Congress Classification |
| Koha issues (borrowed), all copies |
1 |
| 998 ## - LOCAL CONTROL INFORMATION (RLIN) |
| -- |
25 |
| -- |
นีลวัสน์ อินทรักษา |